Ảnh hưởng của các yếu tố kinh tế vĩ mô đến sự thay đổi giá của các cổ phiếu trên Sở giao dịch chứng khoán Hà Nội : Luận văn Thạc sĩ Kinh tế. Chuyên ngành Tài chính - Ngân hàng

Ảnh hưởng của các yếu tố kinh tế vĩ mô đến sự thay đổi giá của các cổ phiếu trên Sở giao dịch chứng khoán Hà Nội

Na minha lista:
Detalhes bibliográficos
Autor principal: Nguyễn, Nam Huy
Formato: Livro
Idioma:Undetermined
Publicado em: Cần Thơ Trường Đại học Cần Thơ 2016
Assuntos:
Tags: Adicionar Tag
Sem tags, seja o primeiro a adicionar uma tag!
Thư viện lưu trữ: Trung tâm Học liệu Trường Đại học Cần Thơ
LEADER 01106nam a2200217Ia 4500
001 CTU_213643
008 210402s9999 xx 000 0 und d
082 |a 332.642 
082 |b H523 
088 |a 60340201 
100 |a Nguyễn, Nam Huy 
245 0 |a Ảnh hưởng của các yếu tố kinh tế vĩ mô đến sự thay đổi giá của các cổ phiếu trên Sở giao dịch chứng khoán Hà Nội : 
245 0 |b Luận văn Thạc sĩ Kinh tế. Chuyên ngành Tài chính - Ngân hàng 
245 0 |c Nguyễn Nam Huy ; Trương Đông Lộc (Cán bộ hướng dẫn) 
260 |a Cần Thơ 
260 |b Trường Đại học Cần Thơ 
260 |c 2016 
520 |a Ảnh hưởng của các yếu tố kinh tế vĩ mô đến sự thay đổi giá của các cổ phiếu trên Sở giao dịch chứng khoán Hà Nội 
650 |a Thị trường chứng khoán,Stock exchanges 
904 |i Nguyên 
980 |a Trung tâm Học liệu Trường Đại học Cần Thơ